Poznanie a využívanie princípov TQM a EFQM modelu výnimočnosti v malých a stredných podnikoch v SR

Prieskum uplatňovania metód zvyšovania konkurencieschopnosti organizácie. Zisťovanie závislosti medzi uplatňovaním a poznatkami vybraných metód TQM a EFQM v stredných a malých organizáciách.

Gespeichert in:
Bibliographische Detailangaben
1. Verfasser: Paulová, Iveta
Weitere Verfasser: Mĺkva, Miroslava
Format: Buchkapitel
Sprache:Slowakisch
Schlagworte:
Tags: Tag hinzufügen
Keine Tags, Fügen Sie das erste Tag hinzu!

MARC

LEADER 00000naa$a2200000$$$4500
001 0020480
005 20231011134607.7
041 0 |a slo 
044 |a SK 
245 1 0 |a Poznanie a využívanie princípov TQM a EFQM modelu výnimočnosti v malých a stredných podnikoch v SR  |c Iveta Paulová, Miroslava Mĺkva 
520 |a Prieskum uplatňovania metód zvyšovania konkurencieschopnosti organizácie. Zisťovanie závislosti medzi uplatňovaním a poznatkami vybraných metód TQM a EFQM v stredných a malých organizáciách. 
610 2 0 |a Slovensko 
610 2 0 |a prieskum informačný 
610 2 0 |a certifikácia 
610 2 0 |a podnik stredný 
610 2 0 |a podnik malý 
610 2 0 |a systém riadenia kvality 
610 2 0 |a model EFQM 
100 1 |a Paulová, Iveta 
700 1 |a Mĺkva, Miroslava